000 00483nam a2200181Ia 4500
001 11309
005 20260306162818.0
008 260306t2011||||xx |||||||||||||| ||spa||
041 _aESP
082 _a985.032
_bL46
100 _aLeón Fernández, Dino
_eAUT
245 0 _aTrabajos de historia:
_breligión, cultura y política en el Perú, siglos XVII-XX
260 _c2011
300 _a353 páginas :
_c24 cm.
650 _aGEN
654 _aCHU
942 _cLIB
_dJUS
_fJUS
_2ddc
_n
999 _c11309
_d11309